Trouveras tu le nom de ces Pokémon ? - Statistiques

Statistiques générales
  • Ce quiz a été pris 125 fois
  • Le résultat moyen est 15 sur 20
Statistiques - réponses
Par images Réponse % Correct
Ronflex
98%
Goupix
95%
Noctali
95%
Onix
95%
Lucario
92%
Gardevoir
91%
Carchacrok
83%
Nidorina
80%
Pachirisu
73%
Nostenfer
71%
Cizayox
70%
Nymphali
70%
Blizzaroi
68%
Milobellus
68%
Lugulabre
62%
Pandarbare
57%
Chapignon
55%
Pyrax
53%
Ethernatos
52%
Sorcilence
38%
Aucun quiz correspondant
Distribution des résultats
% des personnes avec chaque résultat
Percentile par nombre de réponses
Votre historique - résultats
Vous n’avez pas pris ce quiz